Most streamed songs : Harry Styles - Statistics

General Stats
  • This quiz has been taken 116 times
    10 since last reset
  • The average score is 7 of 10
Answer Stats
Streams Song % Correct
4 287 500 000 As It Was
100%
2 067 000 000 Sign of the Times
100%
3 223 000 000 Watermelon Sugar
89%
1 532 000 000 Falling
78%
2 029 000 000 Adore You
56%
708 500 000 Fine Line
56%
1 045 000 000 Golden
56%
1 161 500 000 Late Night Talking
44%
741 500 000 Lights Up
44%
739 500 000 Matilda
44%
No matching quizzes found
Score Distribution
Percent of People with Each Score
Percentile by Number Answered
Your Score History
You have not taken this quiz since the last reset